LEADER 01272nam a2200301 a 4500 001 000000156019 003 CaOOAMICUS 005 20161109113423.0 008 161109s2016 it u000 u ita r 020 $a978-88-598-1489-4* 032 $aLibriCat 040 $aPUL$bita 082 04$a343.4504 100 1 $aTesauro, Francesco.$0(OLS)http://pul/name/32681 245 10$aCompendio di diritto tributario /$cFrancesco Tesauro. 250 $aSesta edizione. 260 $aTorino :$bUTET Giuridica ;$aMilanofiori Assago :$bWolters Kluwer,$c©2016. 300 $aXXI, 529 p. ;$c24 cm 650 4$aDiritto tributario$zItalia$xManuali, ecc.$0(OLS)http://pul/subject/20045 850 $aPUL 852 $aPUL$W1$xSL Diritto e Scienze Sociali 3$y79$m343. 4504 TESFR 2$j179193$qDDC 21$B182358$CPULBib$Z2$F182358 $H128357 $81 941 1 $a9 996 $6020$a978-88-598-1489-4*$9(OLS)http://pul/number/161474 996 $6082$a343.4504$9(OLS)http://pul/classification/2041 996 $6245$aCompendio di diritto tributario$9(OLS)http://pul/title/155795 996 $6260$aTorino :$bUTET Giuridica$9(OLS)http://pul/publisher/79191 996 $6260$aMilanofiori Assago :$bWolters Kluwer$9(OLS)http://pul/publisher/81463 LEADER 01527nam a2200325 a 4500 001 000000135203 003 CaOOAMICUS 005 20130823124040.0 008 130823s2013 vc u000 u ita r 020 $a978-88-401-7042-8 040 $aPUL$bita 082 04$a262.9 100 1 $aIncitti, Giacomo.$0(OLS)http://pul/name/23124 245 13$aIl sacramento dell'Ordine nel Codice di Diritto Canonico :$bil ministero dalla formazione all'esercizio /$cGiacomo Incitti. 260 $aCittą del Vaticano :$bUrbaniana University Press,$c©2013. 300 $a226 p. ;$c24 cm 490 1 $aStrumenti di studio e ricerca ;$v32 490 1 $aManuali. Diritto 504 $aBibliografia in nota. 650 4$aSacramenti (diritto canonico).$0(OLS)http://pul/subject/34766 830 0$aManuali (Urbaniana University Press).$pDiritto.$0(OLS)http://pul/title/167368 830 0$aStrumenti di studio e ricerca ;$v32.$0(OLS)http://pul/title/170985 850 $aPUL 852 $aPUL$W1$xSL Diritto Canonico 3$y77$m262. 9 INCGI 1$j155706$qDDC 21$B155205$CPULBib$Z2$F155205 $H122762 $82 941 1 $a9 996 $6020$a978-88-401-7042-8$9(OLS)http://pul/number/153416 996 $6082$a262.9$9(OLS)http://pul/classification/369 996 $6245$aIl sacramento dell'Ordine nel Codice di Diritto Canonico :$bil ministero dalla formazione all'esercizio$9(OLS)http://pul/title/170984 996 $6260$aCittą del Vaticano :$bUrbaniana University Press$9(OLS)http://pul/publisher/66922